A giraffe and a half. (Record no. 113719)
[ view plain ]
| 000 -LEADER | |
|---|---|
| fixed length control field | 00377nam a2200157 a 4500 |
| 001 - CONTROL NUMBER | |
| control field | 2717 |
| 005 - DATE AND TIME OF LATEST TRANSACTION | |
| control field | 20140414132036.0 |
| 008 - FIXED-LENGTH DATA ELEMENTS--GENERAL INFORMATION | |
| fixed length control field | 050927s19uu xx 00 eng d |
| 020 ## - INTERNATIONAL STANDARD BOOK NUMBER | |
| International Standard Book Number | 0-06-025655-9 |
| 050 ## - LIBRARY OF CONGRESS CALL NUMBER | |
| Classification number | TR |
| Item number | G44 1964 |
| 100 ## - MAIN ENTRY--PERSONAL NAME | |
| Personal name | Shel Silverstein |
| 245 ## - TITLE STATEMENT | |
| Title | A giraffe and a half. |
| 260 ## - PUBLICATION, DISTRIBUTION, ETC. (IMPRINT) | |
| Name of publisher, distributor, etc | Harper Collins. |
| 300 ## - PHYSICAL DESCRIPTION | |
| Extent | 1 v. p. : ill. ; cm. |
| Withdrawn status | Lost status | Damaged status | Home library | Current library | Shelving location | Date acquired | Source of acquisition | Total Checkouts | Full call number | Barcode | Date last seen | Price effective from | Koha item type |
|---|---|---|---|---|---|---|---|---|---|---|---|---|---|
| Munich Library | Munich Library | Teachers Reference Section | 09/27/2005 | TR G44 1964 | M5342 | 04/14/2014 | 04/14/2014 | Books |